| 000 | 00427nam a22001577a 4500 | ||
|---|---|---|---|
| 003 | NUST | ||
| 005 | 20220816145226.0 | ||
| 008 | 220816b ||||| |||| 00| 0 eng d | ||
| 038 | _aAzhar | ||
| 082 |
_a650.076 _bMAN |
||
| 245 |
_aGMAT roadmap : expert advice through test day : GMAT strategy guide _cManhattan Prep |
||
| 250 | _a6th edition | ||
| 260 |
_aNew York _bManhattan Prep _c2014 |
||
| 300 | _a240p | ||
| 942 |
_2ddc _cLC |
||
| 999 |
_c591066 _d591066 |
||